00740nam a22002297a 4500003000500000005001700005008004100022010001000063011001000073035001000083040000900093100002100102245002100123260006400144300001900208490008700227650001400314650001100328700002100339710006300360830008700423CHAP20220329134906.0971013s1966 r 00010 d a27621 a28593 a32698 cCHAP00aConnelly, Hoy C. aSilos y ensilaje aMéxico, D.F. :bCentro Regional de Ayuda Técnica,c1966 a12 p.b: ilus. aServicio de Investigación y Promoción Agraria. Lima. Boletín técnicov; 2014aEnsilaje.14aSilos.0 aPorcella, Bruno.0 aPerú. Servicio de Investigación y Promoción Agraria.0 aServicio de Investigación y Promoción Agraria. Lima. Boletín técnicov; 20